000 00693cam a2200229 a 4500
001 000014531
005 20200929163851.0
008 040329s2003 ck ac 000 0dspa d
020 _a9588227348
035 _a(BO-CbLA)la030102152
040 _aDO-SdBNP
_bspa
_cBNPHU
_dDLC
082 _a303.62
_bC697d
100 1 _aCollazos, Óscar,
_d1942-
_932897
245 1 0 _aDesplazados del futuro /
_cÓscar Collazos.
260 _aBogotá :
_bIntermedio,
_cc2003.
300 _a176 p. :
_bil. ;
_c23 cm.
650 4 _aDesplazados por la violencia
_932898
650 4 _aConflicto armado
_932899
650 4 _aRefugiados colombianos
_932900
910 _aCatalogación por copia / LC
049 _aBNGR
999 _c14119
_d14119